| 000 | 00835nam a2200229 a 4500 | ||
|---|---|---|---|
| 001 | 39839 | ||
| 003 | BD-RjUL | ||
| 005 | 20211209053053.0 | ||
| 008 | 160419s1964 bg ||||| |||| 00| 1 ben d | ||
| 020 | _c :Tk.3.00 | ||
| 035 | _a(BD-RjUL)39953 | ||
| 040 |
_aBD-RjUL _bben _cBD-RjUL |
||
| 041 | _aben | ||
| 082 |
_223 _a398.2095492 _bLOK 1964 |
||
| 245 | 0 | 0 |
_aলোক-সাহিত্য : _b[সঙ্কলন] / |
| 260 |
_aঢাকা : _bবাংলা একাডেমী, _c১৯৬৩-৬৪ |
||
| 300 |
_aখন্ড ; _c২১ সেমি. |
||
| 505 | _aখন্ড ১ -- খন্ড ৩ -- খন্ড ২ --খণ্ড ৪ (মেয়েলী গীত) --- খন্ড ১১ -- | ||
| 650 |
_aলোকসাহিত্য _9122730 |
||
| 650 |
_aFolk literature, Bengali. _9122731 |
||
| 942 |
_2ddc _cBK |
||
| 999 |
_c39839 _d39839 |
||